000 00716cab a2200217 4500
001 ABS58357
008 090401t1998 xxu||||| |||| 00| 0 eng d
035 _a(Sirsi) u84287
041 _aeng
245 _aProperty selling: Rules
260 _c1998
350 _a0
490 _aLaw Society`s Gazette
_v(95/06) 11 February 1998, 28-29(2)
520 _aSets out in full a new rule for property-selling solicitors and conveyancers. The rule came into force on 16 January 1998 and replaces rule 6 of the Solicitors Practice Rules 1990.
650 _aCONVEYANCERS
650 _aSOLICITORS
650 _aSOLICITORS` PRACTICE RULES
690 _aPROPERTY LAW AND PRACTICE
942 _n0
948 _c17/02/1998
999 _c52961
_d52961